| 000 | 00431nam a22001577a 4500 | ||
|---|---|---|---|
| 003 | NUST - PNEC | ||
| 005 | 20170116181149.0 | ||
| 008 | 151015b xxu||||| |||| 00| 0 eng d | ||
| 040 | _cLIBRARY | ||
| 082 | _a623.872 EMB | ||
| 100 |
_915228 _aEmbleton, William |
||
| 245 |
_aReed's heat and heat engines for marine engineers, _cWilliam,Embleton |
||
| 260 | _cc 1963 | ||
| 650 |
_915230 _aMarine engines _xEE/EL |
||
| 942 |
_2ddc _cBK |
||
| 999 |
_c70842 _d70842 |
||